| 000 | 00477nam a22001337a 4500 | ||
|---|---|---|---|
| 008 | 150831b xxu||||| |||| 00| 0 eng d | ||
| 082 |
_a779.092 _bB586m |
||
| 100 |
_aBiegman, Nicolaas _93417 |
||
| 245 |
_aMainly Manhat Tan _cNicolaas Biegman |
||
| 260 |
_aAmsterdam _bGoose Press _c1997 |
||
| 300 |
_a234 p. _bill. _c23 cm |
||
| 600 |
_aBiergman, Nicolaas _xFotografía artística _zNew York, Estados Unidos _93418 |
||
| 651 |
_aEstados Unidos, New York _vTrabajo pictórico _zManhattan _93419 |
||
| 999 |
_c729 _d729 |
||